000 00575nam a2200193 4500
001 120903
003 ES-MaACL
005 20240416102839.0
007 t|
008 070214s1968 sp r ||||1| spa d
100 1 _aPratolini, Vasco.
_993688
245 1 0 _aCrónica familiar /
_cVasco Pratolini ; [versión: Jesús López Pacheco].
250 _a1ª ed.
260 _aBarcelona :
_bLlibres de Sinera,
_c1968.
300 _a134 p. ;
_c20 cm.
700 1 _aLópez Pacheco, Jesús,
_d1930-1997
_973855
852 _aES-MaACL
_jC-35059
_bR.68210
999 _c120903
_d120903